000 00585nam a2200157Ia 4500
008 151213s9999 xx 000 0 und d
100 _aশ্রী - দীনেশ চন্দূ দেবনাথ।
245 _aহিন্দু আইন।
_cশ্রী - দীনেশ চন্দূ দেবনাথ।
250 _a৭মসং
260 _aঢকা
_bকামরুল বুক হাউফ
_c2007
300 _a3760 p.
650 _aLaw
650 _aLaw
700 _aশ্রী - দীনেশ চন্দূ দেবনাথ।
999 _c2478
_d2478